00616nam a2200181 a 450000100080000000500110000800800410001902000220006010000230008224501600010526000650026530000110033065000250034165000130036665000150037965300170039470000230041120149382015-05-06 2014 bl uuuu 00u1 u #d a978-85-8354-004-51 aSILVA, H. B. C. da aConhecimento, tecnologia e inovação para o fortalecimento da agricultura familiarbcontribuição das organizações estaduais de pesquisa agropecuária. aBrasília, DF: Ministério do Desenvolvimento Agrárioc2014 a267 p. aAgricultura Familiar aPesquisa aTecnologia aConhecimento1 aCANAVESI, F. de C.